Ako sa dodržiavajú hospodárske opatrenia v JRD

Bibliographic Details
Main Authors: Tarič, Gejza (Author), Zelenický, Zdeno (Author)
Format: Article
Language:Slovak
Subjects:

MARC

LEADER 00000nab a2200000 a 4500
001 vtls000201419
003 SK-MaSNL
005 20260302201436.0
008 111130c1984 xo 0 slo
015 |a SNBRB19rr/mm-uuuuu 
035 |a CL0211532 
040 |a SNKBUCL  |b slo  |c SNKBUCL  |e AACR2 
041 0 |a slo 
044 |a xo  |c SK 
080 |a 631.115.6:631.155  |2 1981 
080 |a 631.155  |2 1981 
100 1 |a Tarič, Gejza  |4 aut  |9 921763 
245 1 0 |a Ako sa dodržiavajú hospodárske opatrenia v JRD  |c Gejza Tarič, Zdeno Zelenický 
650 0 7 |a ekonomika poľnohospodárstva  |2 snkbucl  |9 3609 
650 0 7 |a družstvá roľnícke  |2 snkbucl  |9 881518 
655 7 |a články z novín a časopisov  |2 snkbucl  |9 267496 
700 1 |a Zelenický, Zdeno  |4 aut  |9 921764 
773 0 |t Informácie MPVž SSR  |g Roč. 12, č. 18 (1984), s. 4-5 
850 |a Slovenská národná knižnica v Martine  |a MTA001 
852 |a SNK  |b KIS3GCP 
958 |a RK 
992 |a RBX 
999 |c 1460932  |d 1462862